<?xml version="1.0" encoding="UTF-8"?>
<collection xmlns="http://www.loc.gov/MARC21/slim">
  <record>
    <leader>00000nam  2200000   4500</leader>
    <controlfield tag="001">INLIS000000000020264</controlfield>
    <controlfield tag="005">20250602032305</controlfield>
    <datafield tag="035" ind1="#" ind2="#">
      <subfield code="a">0010-0625000006</subfield>
    </datafield>
    <controlfield tag="007">ta</controlfield>
    <controlfield tag="008">250602################|##########|#|##</controlfield>
    <datafield tag="082" ind1="#" ind2="#">
      <subfield code="a">R 0003 PKN 1 2024</subfield>
    </datafield>
    <datafield tag="100" ind1=" " ind2="#">
      <subfield code="a">Andreas Wayan Wisaksono</subfield>
    </datafield>
    <datafield tag="245" ind1="1" ind2="#">
      <subfield code="a">Transformasi Peran Polri dalam Penyelesaian Konflik Sosial Sangketa Lahan Melalui Pendekatan Kearifan Lokal /</subfield>
      <subfield code="c">Andreas Wayan Wisaksono</subfield>
    </datafield>
    <datafield tag="260" ind1="#" ind2="#">
      <subfield code="a">Jakarta :</subfield>
      <subfield code="b">Pusbangkom Pimnas dan Manajerial ASN,</subfield>
      <subfield code="c">2024</subfield>
    </datafield>
    <datafield tag="300" ind1="#" ind2="#">
      <subfield code="a">150 hlm. ;</subfield>
      <subfield code="c">30 cm</subfield>
    </datafield>
    <datafield tag="650" ind1="#" ind2="4">
      <subfield code="a">Konflik Sosial</subfield>
    </datafield>
    <datafield tag="520" ind1="#" ind2="#">
      <subfield code="a">Dampak Negative perkembangan perkebunan kelapa sawit dan perusahaan tambang di Kalimantan Tengah yaitu adanya konflik lahan antara masyarakat dan perusahaan. Konflik lahan ini terjadi karena perusahaan di satu puhak ingin merubah fungsi lahan menjadi lahan perkebunan/pertambangan semantara masyarakat di pihak lain mempertahankannya, karena telah mengelola lahan tersebut jauh sebelum adanya perusahaan.</subfield>
    </datafield>
    <datafield tag="990" ind1="#" ind2="#">
      <subfield code="a">2024/1.2.1/A/0003</subfield>
    </datafield>
  </record>
</collection>
